000 00689nam a22001937a 4500
999 _c179896
_d179896
005 20210715125811.0
010 _aENG-129557
020 _a978-93/5230-154-6
_c225.00
035 _aEN-113089
037 _bDBAD/PUB
082 _a616.21
100 _aV..Radha Krishna Murthy
245 _aPractical Manual On Agrometeorology /
_cby V. Radha Krishna Murthy,B. Jyothi Basu,S.Kiran Kumar,M.Sree Rekha
260 _aSultan Bazar
_bBS Publishers
_c2019
270 _a4-4-309/316,Giriraj Lane,Sultan Bazar
_bHyderabad
_e500095
_minfo@bsbbooks.net
_k040-23445688
300 _a190p
_c24cm(PB)
700 _aV.Radha Krishna Murthy and other
942 _2ddc
_cEN
_h630.2575
_mMUR